Представление документа в формате RUSMARC

ПолеНазваниеЗначение
  Тип записи a
  Библиографический уровень m
001 Контрольный номер RU/SLIB/B/208733745
005 Дата корректировки 20201206204031.5
010 Индекс ISBN __
d Цена 1-70
101 Язык документа __
a Язык текста rus
200 Заглавие и сведения об ответственности __
a Заглавие Никоновский свод и русские летописи XVI-XVII веков
b Общее обозначение материала Текст
210 Выходные данные __
a Место издания М.
c Издательство Наука
d Дата издания 1980
215 Физическое описание __
a Объем 312 с.
600 Персоналии __
a Персоналии (Фамилия) Никоновский свод
600 Персоналии __
a Персоналии (Фамилия) Никоновская летопись
606 Тематические рубрики __
a Основная рубрика История государства и права
z Хронологическая подрубрика 16 в.; 17 в.
y Географическая подрубрика Россия
610 Ключевые слова __
a Ключевые слова летописи
686 Индексы других классификаций __
a Классификационный индекс 67.3(2)4
700 Автор __
a Фамилия Клосс
b Имя Б. М.
4 Код отношения 070
801 Источник записи _0
a Страна RU
b Организация Муниципальное бюджетное учреждение культуры "Централизованная библиотечная система" г. Сургут (Центральная городская библиотека им. А. С. Пушкина)
g Правила каталогизации КиК/Михайлова
801 Источник записи _1
a Страна RU
b Организация Муниципальное бюджетное учреждение культуры "Централизованная библиотечная система" г. Сургут (Центральная городская библиотека им. А. С. Пушкина)
g Правила каталогизации КиК/Михайлова
852 Данные о местонахождении __
j Шифр хранения 67.3(2)4
c Каталожный индекс 67.3(2)
i Авторский знак К 50
p Инвентарный номер 17495(п)
901 Тип документа __
t Тип документа m
990 Данные о заказе (DOS) __
j Количество экземпляров (DOS) 1